000 00518nam a22002177a 4500
003 UA-OsUOA
001 49826
007 ta
008 20071011b un ||||| |||| 00| 0 ukr d
100 _aГотліб А.
090 _a908
_bГ-12
942 _cSA
040 _aUA-OsUOA
_bukr
_cUA-OsUOA
_dUA-OsUOA
245 _aПодорожуйте Волинськими Афінами
300 _aС.7
955 _a0
041 _aukr
080 _a908
773 0 _w49825
650 7 _a908 Краєзнавство
_2UDC
999 _c335913
_d335913